000 01085cam a2200301 i 4500
001 1782304
003 PILC
005 20150522142235.0
008 780117s1977 ru a b 000 0 eng
010 _a 77380089
015 _aUSSR***
040 _aDLC
_cDLC
_dDLC
043 _ae-ur---
050 0 0 _aQ 175.52.R9
_b.So678 1977
082 0 0 _a301.24/3
245 0 0 _aSocialism and the scientific and technical revolution /
_c[V. G. Afanasyev [and 5 others] ; compiled by L. V. Golovanov.
260 _aMoscow :
_bProgress,
_c1977.
300 _a160 pages :
_billustrations ;
_c17 cm.
650 0 _aScience
_xSocial aspects
_zSoviet Union.
650 0 _aTechnology
_xSocial aspects
_zSoviet Union.
650 0 _aCommunism and science.
650 0 _aCommunism and technology.
700 1 _aAfanasʹev, Viktor Grigorʹevich.
700 1 _aGolovanov, Leonid Vitalʹevich.
710 2 _aKommunisticheskai︠a︡ partii︠a︡ Sovetskogo Soi︠u︡za.
_bSʺezd
_n(25th :
_d1976 :
_cMoscow, R.S.F.S.R.)
906 _a7
_bcbc
_corignew
_d3
_encip
_f19
_gy-gencatlg
942 _2lcc
_cBK
_kFOR
999 _c284315
_d284315